Realizačný projekt plynovodu v bytovom dome s plynovou kotolňou

Enregistré dans:
Détails bibliographiques
Auteur principal: Kevická, Lucia (Auteur)
Autres auteurs: Peráčková, Jana (Directeur de thèse)
Format: Manuscrit Livre
Langue:slovaque
Publié: 2015
Sujets:
Accès en ligne:http://is.stuba.sk/zp/portal_zp.pl?podrobnosti=109347
https://opac.crzp.sk/?fn=detailBiblioForm&sid=E75B5E22D326BA6A99A597CFFF20
Tags: Ajouter un tag
Pas de tags, Soyez le premier à ajouter un tag!

MARC

LEADER 00000ntm a22000003a 4500
001 stuzp50542
003 SK-STU
005 20231013160424.7
007 ta
008 150427s2015----xo-----f-mn---000-0-slo-d
040 |a STU  |b slo 
041 0 |a slo 
100 1 |a Kevická, Lucia  |u 010290  |4 aut  |U SvF Stavebná fakulta  |T SvF Katedra technických zariadení budov  |X 67321  |U V290  |Y 31  |7 A000067321 
242 0 1 |a Implementation project gas boiler and gas distribution in an apartment house  |y eng 
245 1 0 |a Realizačný projekt plynovodu v bytovom dome s plynovou kotolňou 
260 |c 2015 
650 4 |a domový plynovod  |2 slo 
650 4 |a plyn  |2 slo 
650 4 |a plynová kotolňa  |2 slo 
650 4 |a gas boiler  |2 eng 
650 4 |a gas distribution  |2 eng 
650 4 |a gas  |2 eng 
700 1 |a Peráčková, Jana  |4 ths  |X 2739  |7 A000002739 
856 4 |u http://is.stuba.sk/zp/portal_zp.pl?podrobnosti=109347 
856 4 |u https://opac.crzp.sk/?fn=detailBiblioForm&sid=E75B5E22D326BA6A99A597CFFF20 
SQL |a stuzp50542  |b DDP  |c SLO  |d Realizačný projekt plynovodu v bytovom dome s plynovou kotolňou  |e 67321  |f Kevická, Lucia  |g 010290  |h 2739  |i Peráčková, Jana  |j 20150615  |k 24  |l 01  |m http://is.stuba.sk/zp/portal_zp.pl?podrobnosti=109347  |n I-TZB  |o 5.1.4. pozemné stavby